00673cam a22001811 4500082002900000100005300029245002500082260005900107300004300166490002500209505006600234526003700300650001400337650001300351942001200364999001900376952009600395 a666.893bORCcL-19, P-351 aOrchard, Dennis Frank. [from old catalog]94488310aConcrete technology. aLondon,bContractors Record;aNew York,bWiley,c1962. a2 v.billus., diagrs., tables.c24 cm.0 aThe Concrete library0 av. 1. Properties of materials. 2d ed., rev.--v. 2. Practice. a0b0c0d666_893000000000000_ORC 0aConcrete. 0aMCE9379 2ddccBK c548535d548535 00102ddc4070aMCEbMCEd2014-08-29l0o666.893 ORCpMCE-2382r2014-08-29w2014-08-29yBK